Подробности
| 000 -МАРКЕР |
| контрольное поле |
01677nam0a22003131 4500 |
| 001 - ИДЕНТИФИКАТОР ЗАПИСИ |
| контрольное поле |
rc\2565876 |
| 005 - ИДЕНТИФИКАТОР ВЕРСИИ |
| контрольное поле |
20260503061531.0 |
| 035 ## - ДРУГИЕ СИСТЕМНЫЕ НОМЕРА |
| Идентификатор записи |
(NLR Aleph) 006730698 |
| 100 ## - ДАННЫЕ ОБЩЕЙ ОБРАБОТКИ |
| Данные общей обработки |
20110914d1927 |||y0rusy50 ca |
| 101 0# - ЯЗЫК РЕСУРСА |
| Язык текста, звукозаписи и т.д. |
русский |
| 102 ## - СТРАНА ПУБЛИКАЦИИ ИЛИ ПРОИЗВОДСТВА |
| Страна публикации |
Российская Федерация |
| 105 ## - ПОЛЕ КОДИРОВАННЫХ ДАННЫХ: ТЕКСТОВЫЕ МАТЕРИАЛЫ, МОНОГРАФИЧЕСКИЕ |
| Кодированные данные о монографическом текстовом документе |
b z |||c| |
| 200 1# - ЗАГЛАВИЕ И СВЕДЕНИЯ ОБ ОТВЕТСТВЕННОСТИ |
| Основное заглавие |
Нарымский край |
| Сведения, относящиеся к заглавию |
(предварительный географический и промысловый очерк) |
| Первые сведения об ответственности |
И. Г. Юданов |
| 210 ## - ПУБЛИКАЦИЯ, РАСПРОСТРАНЕНИЕ И ДР. |
| Место издания, распространения и т.д. |
Красноярск |
| Имя издателя, распространителя и т. д. |
издание Сиб. краев. ком-та содействия малым народностям севера |
| Дата издания, распространения и т.д. |
1927 |
| Имя изготовителя |
Красноярск. госуд. типо-лит. |
| 215 ## - ФИЗИЧЕСКАЯ ХАРАКТЕРИСТИКА |
| Специфическое обозначение материала и объем |
[2], 22 с., [1] вклад. л. карт. |
| Размеры |
27х18 |
| 225 1# - СЕРИЯ |
| Основное заглавие серии |
Научно-промысловые исследования Сибири |
| Наименование части |
Серия А |
| Сведения об ответственности |
Р.С.Ф.С.Р. Наркомзем. Сиб. ихтиологич. лаборатория. Под ред. зав. лабораторией А. И. Березовского |
| Обозначение тома |
вып. 3 |
| 607 ## - ГЕОГРАФИЧЕСКОЕ НАИМЕНОВАНИЕ КАК ПРЕДМЕТ |
| Географическое наименование |
Нарымский край |
| Тематический подзаголовок |
География |
| Системный номер авторитетной/нормативной записи |
1720624 |
| Идентификатор авторитетной/нормативной записи |
RU\NLR\AUTH\66767784 |
| 607 ## - ГЕОГРАФИЧЕСКОЕ НАИМЕНОВАНИЕ КАК ПРЕДМЕТ |
| Географическое наименование |
Нарымский край |
| Тематический подзаголовок |
Экономическая география |
| Системный номер авторитетной/нормативной записи |
2187580 |
| Идентификатор авторитетной/нормативной записи |
RU\NLR\AUTH\6601551202 |
| 617 ## - ИЕРАРХИЧЕСКОЕ ГЕОГРАФИЧЕСКОЕ НАЗВАНИЕ, ИСПОЛЬЗУЕМОЕ КАК ПРЕДМЕТ |
| Страна |
|
| Другие географические объекты |
Сибирь Западная |
| Край / область / округ / графство / департамент и т.п. |
Нарымский край |
| 686 ## - ИНДЕКСЫ ДРУГИХ КЛАССИФИКАЦИЙ |
| Индекс |
Д890(2Р53-4Том) |
| 686 ## - ИНДЕКСЫ ДРУГИХ КЛАССИФИКАЦИЙ |
| Индекс |
У04(2Р-4Том) |
| 700 #1 - ИМЯ ЛИЦА - ПЕРВИЧНАЯ ОТВЕТСТВЕННОСТЬ |
| Графика поля |
Кириллица |
| Материалы, к которым относится поле |
rus |
| Начальный элемент ввода |
Юданов |
| Часть имени, кроме начального элемента ввода |
И. Г. |
| Даты |
1898-1971 |
| Расширение инициалов личного имени |
Иван Григорьевич |
| Идентификатор авторитетной/нормативной записи |
RU\NLR\AUTH\770134222 |
| Системный номер авторитетной/нормативной записи |
134188 |
| 801 #0 - ИСТОЧНИК ЗАПИСИ |
| Страна |
Российская Федерация |
| Организация |
NLR |
| Правила каталогизации |
psbo |
| 801 #1 - ИСТОЧНИК ЗАПИСИ |
| Страна |
Российская Федерация |
| Организация |
ELAR |
| Источник данных |
rusmarc |
| 801 #2 - ИСТОЧНИК ЗАПИСИ |
| Страна |
Российская Федерация |
| Организация |
NLR |
| Дата составления |
20140605 |
| Источник данных |
rusmarc |
| 852 ## - МЕСТОНАХОЖДЕНИЕ И ШИФР ХРАНЕНИЯ |
| Идентификатор организации |
NLR |
| Шифр хранения (Call Number) |
59/3076-3 |
| 942 ## - ДОПОЛНИТЕЛЬНЫЕ ЭЛЕМЕНТЫ ЗАПИСИ (АБИС) |
| Тип экземпляра АБИС |
Книга |
| 980 ## - КОЛЛЕКЦИЯ |
| Название коллекции |
Национальная библиография |